010360000a22002530004500003001100000005001700011008004100028020001500069040003900084041000800123082001600131245006900147260007200216300003000288650007300318650003500391650008100426650004300507700002800550710009300578942000700671952009100678999001300769LK-CoMWRAF20231122115423.0230817t2003 ||||| |||| 00| 0 eng d a9748545687 aLK-CoMWRAFdLK-CoMWRAFeLK-CoMWRAF aeng a305.42bASI aA digest of case law on the human rights of women (Asia Pacific) aChiangmai:bAsia Pacific Forum on Women, Law and Development,c2003 ai, 122 p. : ill. ; 24 cm. aSex discrimination against women--Law and legislation--Asia--Digests a Women's rights--Asia--Digests aSex discrimination against women--Law and legislation--Pacific Area--Digests aWomen's rights--Pacific Area--Digests. aForster, Christineeed. aAsia Pacific Forum on Women, Law and Development. Women's Rights Human Rights Taskforce. cBK 00104070aMAINbMAINd2023-08-17l0o305.42 ASIpRAF3117r2023-08-17w2023-08-17yBK c638d638